000 00711nam a2200169Ia 4500
008 090201s9999 xx 000 0 und d
010 _aKPL-26853
040 _bमराठी
041 _aमराठी
082 _a23434
_b26853
100 _aके. वि. बेलसरे
245 _aसमर्थ रामदास स्वामी चरीत्र व तत्वज्ञान
_cके. वि. बेलसरे
260 _c2004
_bश्री समर्थसेवा मंडळ सज्जनगड
300 _a172
_bमोठा
600 _aसमर्थ रामदास स्वामी चरीत्र व तत्वज्ञान
942 _cBOOK
999 _c222911
_d222911